The Legend of Zelda: Breath of the Wild - Towers - Statistics

General Stats
  • This quiz has been taken 160 times
  • The average score is 12 of 15
Answer Stats
Tower % Correct
Gerudo Tower
94%
Hebra Tower
94%
Faron Tower
93%
Eldin Tower
92%
Akkala Tower
90%
Central Tower
88%
Great Plateau Tower
88%
Lanayru Tower
83%
Tabantha Tower
80%
Hateno Tower
78%
Wasteland Tower
74%
Dueling Peaks Tower
66%
Lake Tower
64%
Woodland Tower
60%
Ridgeland Tower
50%
No matching quizzes found
Score Distribution
Percent of People with Each Score
Percentile by Number Answered
Your Score History
You have not taken this quiz